[Event "HUN-chT2 Szechenyi 1112"]
[Site "Hungary"]
[Date "2012.03.12"]
[Round "7.12"]
[White "Kurcsics, Erika"]
[Black "Huszar, Nora"]
[Result "1/2-1/2"]
[WhiteElo "1628"]
[BlackElo "1737"]
[PlyCount "38"]
[EventDate "2011.09.25"]
[EventType "team-tourn"]
[EventRounds "11"]
[EventCountry "HUN"]
[SourceTitle "EXT 2013"]
[Source "ChessBase"]
[SourceDate "2012.11.22"]
[SourceVersion "1"]
[SourceVersionDate "2012.11.22"]
[SourceQuality "1"]
[WhiteTeam "Lovo"]
[BlackTeam "Keszthely"]
[WhiteTeamCountry "HUN"]
[BlackTeamCountry "HUN"]

1. c4 d5 2. cxd5 Qxd5 3. Nc3 Qd6 4. g3 c6 5. Bg2 Nf6 6. Nf3 Qc7 7. d4 e6 8. Bf4 Bd6 9. Bxd6 Qxd6 10. 0-0 0-0 11. e3 Nbd7 12. Qc2 h6 13. Rfd1 Nb6 14. b3 Nbd5 15. Ne5 Qb4 16. Rac1 Qxc3 17. Qxc3 Nxc3 18. Rxc3 Nd5 19. Rc2 Re8 1/2-1/2

[Event "HUN-chT2 Szechenyi 1112"]
[Site "Hungary"]
[Date "2012.02.19"]
[Round "6.12"]
[White "Huszar, Nora"]
[Black "Suket, Mark"]
[Result "1/2-1/2"]
[WhiteElo "1737"]
[BlackElo "1731"]
[PlyCount "51"]
[EventDate "2011.09.25"]
[EventType "team-tourn"]
[EventRounds "11"]
[EventCountry "HUN"]
[SourceTitle "EXT 2013"]
[Source "ChessBase"]
[SourceDate "2012.11.22"]
[SourceVersion "1"]
[SourceVersionDate "2012.11.22"]
[SourceQuality "1"]
[WhiteTeam "Keszthely"]
[BlackTeam "Zala Volan"]
[WhiteTeamCountry "HUN"]
[BlackTeamCountry "HUN"]

1. d4 d5 2. c4 c6 3. Nc3 Nf6 4. Nf3 Bf5 5. e3 e6 6. c5 Nbd7 7. Bd3 Bxd3 8. Qxd3 b6 9. b4 a5 10. bxa5 bxc5 11. dxc5 Nxc5 12. Qc2 Qxa5 13. Bd2 Qa6 14. Ne2 Nd3+ 15. Kf1 Ne4 16. Be1 Nxe1 17. Nxe1 Bb4 18. Nd3 Rb8 19. g3 0-0 20. Kg2 Ba3 21. Rab1 c5 22. Ne5 Rb4 23. Nf4 Rfb8 24. Nfd3 Rxb1 25. Rxb1 Qc8 26. Nc6 1/2-1/2

[Event "HUN-ch U18 Girls"]
[Site "Celldoemoelk"]
[Date "2011.06.27"]
[Round "1"]
[White "Kovacs, Klara"]
[Black "Huszar, Nora"]
[Result "1-0"]
[WhiteElo "2159"]
[BlackElo "1760"]
[PlyCount "55"]
[EventDate "2011.06.27"]
[EventType "tourn"]
[EventRounds "7"]
[EventCountry "HUN"]
[SourceTitle "EXT 2012"]
[Source "ChessBase"]
[SourceDate "2011.11.24"]
[SourceVersion "1"]
[SourceVersionDate "2011.11.24"]
[SourceQuality "1"]

1. e4 d5 2. exd5 Qxd5 3. Nc3 Qd6 4. d4 c6 5. Nf3 Nf6 6. Ne5 Bf5 7. Bf4 Qd8 8. g4 Bg6 9. Bg2 e6 10. h4 h6 11. Nxg6 fxg6 12. Qd3 Ke7 13. Bh3 Nd5 14. Ne2 Kd7 15. Qxg6 Qf6 16. Qe4 g5 17. Be5 Bb4+ 18. c3 Qf8 19. Bxh8 Qxh8 20. cxb4 Nxb4 21. hxg5 hxg5 22. Bg2 Qf6 23. Ng3 Kc7 24. a3 Nd5 25. Rh7+ Kb6 26. Nh5 Qd8 27. Qxe6 Na6 28. Rd7 1-0

[Event "HUN-chT2 Szechenyi 1011"]
[Site "Hungary"]
[Date "2011.05.15"]
[Round "11.12"]
[White "Suket, Mark"]
[Black "Huszar, Nora"]
[Result "1/2-1/2"]
[WhiteElo "1700"]
[BlackElo "1754"]
[PlyCount "78"]
[EventDate "2010.09.12"]
[EventType "team-tourn"]
[EventRounds "11"]
[EventCountry "HUN"]
[SourceTitle "EXT 2012"]
[Source "ChessBase"]
[SourceDate "2011.11.24"]
[SourceVersion "1"]
[SourceVersionDate "2011.11.24"]
[SourceQuality "1"]
[WhiteTeam "Zala Volan"]
[BlackTeam "Spartacus"]
[WhiteTeamCountry "HUN"]
[BlackTeamCountry "HUN"]

1. e4 d5 2. exd5 Qxd5 3. Nc3 Qd6 4. Nf3 Bg4 5. Be2 c6 6. d4 Nf6 7. Be3 e6 8. h3 Bh5 9. 0-0 Qc7 10. Qd2 Bd6 11. Ng5 Bg6 12. Bd3 Bxd3 13. Qxd3 Bf4 14. Qd2 Bxe3 15. fxe3 h6 16. Nf3 Nbd7 17. e4 Rd8 18. e5 Nh7 19. Qf4 0-0 20. Qg4 a6 21. Ne4 Nb6 22. Nf6+ Kh8 23. Nh5 Rg8 24. Qe4 c5 25. c3 Nd5 26. Rac1 Ne7 27. Ng3 Ng6 28. Kh2 Rd7 29. Nh4 Nxh4 30. Qxh4 Ng5 31. Ne4 Nxe4 32. Qxe4 Rd5 33. Kh1 Rc8 34. dxc5 Rxc5 35. Rce1 Rd8 36. Re2 Rdd5 37. Rfe1 Kg8 38. Qf3 b5 39. Qh5 a5 1/2-1/2

[Event "HUN-chT2 Szechenyi 1011"]
[Site "Hungary"]
[Date "2010.09.12"]
[Round "1.12"]
[White "Kaufmann, Peter"]
[Black "Huszar, Nora"]
[Result "1/2-1/2"]
[WhiteElo "1650"]
[BlackElo "1754"]
[PlyCount "148"]
[EventDate "2010.09.12"]
[EventType "team-tourn"]
[EventRounds "11"]
[EventCountry "HUN"]
[SourceTitle "EXT 2012"]
[Source "ChessBase"]
[SourceDate "2011.11.24"]
[SourceVersion "1"]
[SourceVersionDate "2011.11.24"]
[SourceQuality "1"]
[WhiteTeam "Tapolca"]
[BlackTeam "Spartacus"]
[WhiteTeamCountry "HUN"]
[BlackTeamCountry "HUN"]

1. e4 d5 2. exd5 Qxd5 3. Nc3 Qd6 4. d4 c6 5. Bc4 Nf6 6. Nge2 Bg4 7. f3 Bh5 8. Bf4 Qb4 9. Bb3 e6 10. a3 Qb6 11. Ng3 Be7 12. 0-0 Bg6 13. Be3 Qc7 14. Nge4 Nd5 15. Nxd5 cxd5 16. Nd2 b5 17. c3 0-0 18. Bc2 Bxc2 19. Qxc2 Nd7 20. Qd3 Bd6 21. Kh1 a6 22. Rac1 Rfc8 23. f4 g6 24. Qe2 Nb6 25. Qf3 Nc4 26. Nxc4 Qxc4 27. h4 Qb3 28. Rf2 a5 29. h5 b4 30. hxg6 hxg6 31. axb4 axb4 32. cxb4 Qxb4 33. Rxc8+ Rxc8 34. g3 Rb8 35. Kg2 Qc4 36. Qe2 Qxe2 37. Rxe2 Rb3 38. Kf2 Kf8 39. Rc2 Ke7 40. Ke2 Kd7 41. g4 f5 42. gxf5 gxf5 43. Bc1 Rh3 44. Be3 Rh2+ 45. Kd3 Rh4 46. Rf2 Kc6 47. Kc3 Kb5 48. Kd3 Rh3 49. Kd2 Kc4 50. Ke2 Kb3 51. Kd3 Rg3 52. Kd2 Kxb2 53. Rh2 Rg7 54. Rh6 Re7 55. Kd3 Kb3 56. Rh1 Kb4 57. Rb1+ Ka5 58. Bd2+ Ka6 59. Ra1+ Kb7 60. Rb1+ Kc6 61. Be3 Rb7 62. Rc1+ Kd7 63. Rh1 Rb3+ 64. Ke2 Bc7 65. Rh7+ Kd6 66. Rh1 Bb6 67. Rc1 Rb4 68. Kd3 Rb3+ 69. Ke2 Bd8 70. Ra1 Bh4 71. Ra6+ Ke7 72. Ra1 Rb2+ 73. Kf3 Rb3 74. Ke2 Rb2+ 1/2-1/2

[Event "HUN-ch U16 Girls"]
[Site "Budapest"]
[Date "2010.07.03"]
[Round "8"]
[White "Huszar, Nora"]
[Black "Havanecz, Bianka"]
[Result "0-1"]
[WhiteElo "1771"]
[BlackElo "1819"]
[PlyCount "92"]
[EventDate "2010.06.26"]
[EventType "swiss"]
[EventRounds "9"]
[EventCountry "HUN"]
[SourceTitle "CBM 137 Extra"]
[Source "ChessBase"]
[SourceDate "2010.09.01"]
[SourceVersion "1"]
[SourceVersionDate "2010.09.01"]
[SourceQuality "1"]

1. d4 d5 2. c4 e6 3. Nc3 Nf6 4. Nf3 Be7 5. e3 0-0 6. b3 Nbd7 7. Bd3 b6 8. Bd2 Bb7 9. Qc2 h6 10. Ne5 c5 11. Nxd7 Qxd7 12. cxd5 cxd4 13. dxe6 Qxe6 14. Ne2 dxe3 15. Bxe3 Bb4+ 16. Kf1 Rac8 17. Bc4 Qc6 18. Rg1 Ng4 19. Nd4 Qf6 20. Ke2 Rfe8 21. Qf5 Qxd4 22. Bxf7+ Kh8 23. Rgd1 Rxe3+ 24. Kf1 Qe4 25. Qxe4 Rxe4 26. h3 Nxf2 27. Rd7 Bc6 28. Rxa7 Bc5 29. a4 Rf4 30. Ke2 Rf8 31. Bc4 Re8+ 32. Kd2 Bb4+ 33. Kc2 Rd4 34. Rg1 Rd2+ 35. Kc1 Nd3+ 36. Bxd3 Rxd3 37. Rd1 Rxd1+ 38. Kxd1 Re1+ 39. Kc2 Be4+ 40. Kb2 Re2+ 41. Kc1 Re1+ 42. Kb2 Rb1+ 43. Ka2 Bc3 44. b4 Bc2 45. Ra8+ Kh7 46. a5 Ra1# 0-1